000 00379cam a22001217a 4500
008 180718b1972 xxu||||| |||| 00| 0 eng d
082 _aA81x54 In2/71/16/Pt 6 A
100 _aCensus of India 1971
245 _aOrissa: town directory
260 _aNew Delhi
_bThe Controller of Publications
_c1972
300 _a211+p.
440 _aCensus of India 1971. Series-16, Orissa. Part VI-A
999 _c485418
_d485418